[Event "Wch U08"]
[Site "Pocos de Caldas"]
[Date "2017.08.29"]
[Round "9"]
[White "Wei, Xiaoxi"]
[Black "Wongso, Steve"]
[Result "1-0"]
[WhiteElo "1453"]
[BlackElo "1732"]
[PlyCount "22"]
[EventDate "2017.08.22"]
[EventType "swiss"]
[EventRounds "11"]
[EventCountry "BRA"]
[SourceTitle "CBM 180 Extra"]
[Source "ChessBase"]
[SourceDate "2017.10.06"]
[SourceVersion "1"]
[SourceVersionDate "2017.10.06"]
[SourceQuality "1"]

1. d4 Nf6 2. c4 g6 3. Nc3 Bg7 4. e4 d6 5. f4 0-0 6. Be2 e5 7. fxe5 dxe5 8. d5 Nbd7 9. Nf3 Ne8 10. 0-0 f5 11. exf5 gxf5 1-0

[Event "Wch U08"]
[Site "Pocos de Caldas"]
[Date "2017.08.28"]
[Round "7"]
[White "Wei, Xiaoxi"]
[Black "Begmuratov, Khumoyun"]
[Result "1-0"]
[WhiteElo "1453"]
[BlackElo "1546"]
[PlyCount "77"]
[EventDate "2017.08.22"]
[EventType "swiss"]
[EventRounds "11"]
[EventCountry "BRA"]
[SourceTitle "CBM 180 Extra"]
[Source "ChessBase"]
[SourceDate "2017.10.06"]
[SourceVersion "1"]
[SourceVersionDate "2017.10.06"]
[SourceQuality "1"]

1. d4 c5 2. d5 e5 3. e4 d6 4. c4 Be7 5. Nf3 Nf6 6. Bd3 0-0 7. 0-0 Ne8 8. Qc2 g6 9. Bh6 Ng7 10. Nfd2 f5 11. f4 exf4 12. Rxf4 Bg5 13. Bxg7 Kxg7 14. Rf3 f4 15. h3 Nd7 16. Nc3 Ne5 17. Rff1 f3 18. Nxf3 Be3+ 19. Kh1 Nxf3 20. Rxf3 Rxf3 21. gxf3 Qh4 22. Bf1 Bd7 23. Qg2 Re8 24. Ne2 Bf2 25. Kh2 Re5 26. f4 Rh5 27. f5 Rg5 28. f6+ Kf7 29. Qf3 h5 30. Rc1 Bg4 31. Qf4 Re5 32. Qh6 Bxe2 33. Qg7+ Ke8 34. f7+ Kd7 35. f8Q+ Re7 36. Qfxe7+ Qxe7 37. Qxe7+ Kxe7 38. Bxe2 Kf6 39. Rf1 1-0